000 00644nam a2200181Ia 4500
008 090124s9999 xx 000 0 und d
082 _b30768
_a2181
100 _aबर्वे राजेंद्र
245 _a विसंवादातून सुसंवादाकडे
250 _a1
260 _c2000
300 _a132
600 _aबर्वे राजेंद्र
630 _a विसंवादातून सुसंवादाकडे
700 _aबर्वे राजेंद्र
730 _a विसंवादातून सुसंवादाकडे
942 _cBOOK
999 _c144248
_d144248